Countries by Number of Chicken - Statistics

General Stats
  • This quiz has been taken 72 times
  • The average score is 15 of 20
Answer Stats
Chickens Country % Correct
4,632,640,000 China
100%
1,982,900,000 United States
98%
725,000,000 India
93%
310,553,000 Japan
93%
448,371,000 Russia
93%
1,331,054,000 Brazil
92%
526,843,000 Mexico
92%
453,000,000 Pakistan
85%
1,923,068,000 Indonesia
83%
245,978,000 Vietnam
80%
266,962,000 Thailand
78%
293,728,000 Turkey
78%
255,311,000 Bangladesh
75%
930,000,000 Iran
75%
200,000,000 South Africa
73%
292,869,000 Malaysia
71%
209,733,000 Ukraine
66%
258,194,000 Myanmar
59%
187,000,000 Morocco
36%
192,838,000 Bolivia
29%
No matching quizzes found
Score Distribution
Percent of People with Each Score
Percentile by Number Answered
Your Score History
You have not taken this quiz